000 00543nam a2200229Ia 4500
003 OSt
005 20221007082358.0
006 a|||||r|||| 00| 0
007 ta
008 221006b |||||||| |||| 00| 0 eng d
024 _a7,677
037 _cTextual
040 _aFLL
_cFLL
_beng
041 _2eng
_aeng
082 _a4:Z2;N57r, L7.1
245 0 _aIndia, information and broadcasting
260 _c1977
300 _a411p
_ccm.
490 _vI
942 _h4:Z2;N57r, L7.1
_cTEXL
_2CC
999 _c1166232
_d1166232